000 00579nam a2200193Ia 4500
008 131103s9999 xx 000 0 und d
040 _aLoreto College
041 _aEnglish
082 _a870/DUC/872/ROM
_bLCLIB/18676
245 _aRoman Comedies
_cedited and with an introduction by George E.Duckworth
260 _aNew York
_bThe Modern Library
_c1942
300 _axx,396 p.
_c 19 cm.
440 _aThe Modern Library Of The World's Best Books
650 _aLatin Drama
651 _aRoman Drama
700 _aDuckworth,George E.,ed.
850 _aLCLIB
942 _cBK
999 _c13745
_d64224